Library Banner

Jadeed tehik e nuswan aur Islam(جدید تحریک نسواں اور اسلام) (Record no. 102525)

MARC details
000 -LEADER
fixed length control field 00446nam a22001457a 4500
005 - DATE AND TIME OF LATEST TRANSACTION
control field 20180130150838.0
008 - FIXED-LENGTH DATA ELEMENTS--GENERAL INFORMATION
fixed length control field 180130b xxu||||| |||| 00| 0 eng d
040 ## - CATALOGING SOURCE
Transcribing agency PK-LaUMT
082 ## - DEWEY DECIMAL CLASSIFICATION NUMBER
Classification number PKAC 297.082
Item number SUR-J
100 ## - MAIN ENTRY--PERSONAL NAME
Personal name Suraya Batool Alavi
245 ## - TITLE STATEMENT
Title Jadeed tehik e nuswan aur Islam(جدید تحریک نسواں اور اسلام)
Statement of responsibility, etc Suraya Batool Alavi
260 ## - PUBLICATION, DISTRIBUTION, ETC. (IMPRINT)
Place of publication, distribution, etc لاہور:
Name of publisher, distributor, etc منشورات،
Date of publication, distribution, etc 1998
300 ## - PHYSICAL DESCRIPTION
Extent 494
942 ## - ADDED ENTRY ELEMENTS (KOHA)
Koha item type Books
Holdings
Withdrawn status Lost status Damaged status Home library Current library Date acquired Full call number Barcode Date last seen Price effective from Koha item type Copy number
      UMT Main Campus UMT Main Campus 2018-01-30 PKAC 297.082 SUR-J 118544 2018-01-30 2018-01-30 Books  
      UMT Main Campus UMT Main Campus 2018-01-30 PKAC 297.082 SUR-J 118545 2018-01-30 2018-01-30 Books C-2